Antonio López García y su tiempo (Record no. 16967)

MARC details
000 -LEADER
campo de control de longitud fija 01696nam a2200349 i 4500
001 - NÚMERO DE CONTROL
campo de control 16967
003 - IDENTIFICADOR DE NÚMERO DE CONTROL
campo de control ES-MaACL
005 - FECHA Y HORA DE LA ÚLTIMA TRANSACCIÓN
campo de control 20260327145602.0
007 - CAMPO FIJO DE DESCRIPCIÓN FÍSICA--INFORMACIÓN GENERAL
campo de control de longitud fija t|
008 - DATOS DE LONGITUD FIJA--INFORMACIÓN GENERAL
campo de control de longitud fija 001127s1957 sp a |||| |dspa d
080 ## - NÚMERO DE LA CLASIFICACIÓN DECIMAL UNIVERSAL
Número de la Clasificación Decimal Universal 75 López, Antonio (064.3)
100 1# - ENTRADA PRINCIPAL--NOMBRE DE PERSONA
Nombre de persona López, Antonio,
Fechas asociadas al nombre 1936-
9 (RLIN) 73305
245 10 - MENCIÓN DEL TÍTULO
Título Antonio López García y su tiempo
Resto del título : [exposición, Sala del Prado del Ateneo de Madrid, 3-20 de diciembre de 1957] /
Mención de responsabilidad, etc. [texto de] Joaquín de la Puente.
260 ## - PUBLICACIÓN, DISTRIBUCIÓN, ETC.
Lugar de publicación, distribución, etc. Madrid :
Nombre del editor, distribuidor, etc. Ateneo,
Fecha de publicación, distribución, etc. 1957.
300 ## - DESCRIPCIÓN FÍSICA
Extensión [32] p. :
Otras características físicas principalmente il. n. ;
Dimensiones 22 cm.
490 1# - MENCIÓN DE SERIE
Mención de serie Cuadernos de arte.
-- Colección ordinaria ;
Designación de volumen o secuencia 26
600 14 - PUNTO DE ACCESO ADICIONAL DE MATERIA--NOMBRE DE PERSONA
Nombre de persona López, Antonio,
Fechas asociadas al nombre 1936-
Subdivisión general Exposiciones
9 (RLIN) 73306
610 24 - PUNTO DE ACCESO ADICIONAL DE MATERIA--NOMBRE DE ENTIDAD CORPORATIVA
Nombre de entidad corporativa o nombre de jurisdicción como elemento de entrada Ateneo de Madrid-
Subdivisión de forma Exposiciones-
Subdivisión cronológica 1950-1959
9 (RLIN) 1919
610 24 - PUNTO DE ACCESO ADICIONAL DE MATERIA--NOMBRE DE ENTIDAD CORPORATIVA
Nombre de entidad corporativa o nombre de jurisdicción como elemento de entrada Ateneo de Madrid-
Subdivisión de forma Obras digitalizadas.
9 (RLIN) 1930
655 #7 - TERMINO DE INDIZACIÓN--GENERO/FORMA
Fuente del término tgfbne
9 (RLIN) 193628
Datos o término principal de género/forma Catálogos de exposiciones
700 1# - ENTRADA AGREGADA--NOMBRE PERSONAL
Nombre de persona Puente, Joaquín de la.
9 (RLIN) 94146
710 2# - ENTRADA AGREGADA--NOMBRE DE ENTIDAD CORPORATIVA
Nombre de entidad corporativa o nombre de jurisdicción como elemento de entrada Ateneo de Madrid.
Unidad subordinada Sala del Prado.
9 (RLIN) 1965
830 0# - PUNTO DE ACCESO ADICIONAL DE SERIE-TÍTULO UNIFORME
Título uniforme Cuadernos de arte. Colección ordinaria
Designación de volumen o secuencia 26
9 (RLIN) 180064
852 ## - LOCALIZACIÓN
Ubicación ES-MaACL
Número de control de estantería 2159-F-24
Nota libre Revisado enlace: 27 de Marzo de 2025.
Ubicación en estantería Depósito folletos
Anotaciones manuscritas Dedicatoria autógrafa de Antonio López
itemnumber 17399
852 ## - LOCALIZACIÓN
Ubicación ES-MaACL
Número de control de estantería 2189-F-17
Ubicación en estantería Depósito folletos
Nota libre Revisado enlace: 27 de Marzo de 2025.
itemnumber 17397
852 ## - LOCALIZACIÓN
Ubicación ES-MaACL
Número de control de estantería G-13292(11)
Ubicación en estantería Sala Pecera Planta 3
Nota libre Revisado enlace: 27 de Marzo de 2025.
itemnumber 17398
852 ## - LOCALIZACIÓN
Ubicación ES-MaACL
Número de control de estantería 1517-F-16
itemnumber 17395
Ubicación en estantería Depósito folletos
Nota libre Revisado enlace: 27 de Marzo de 2025.
852 ## - LOCALIZACIÓN
Ubicación ES-MaACL
Número de control de estantería 2340-F-24
Ubicación en estantería Depósito folletos
Nota libre Revisado enlace: 27 de Marzo de 2025.
itemnumber 17399
856 4# - LOCALIZACIÓN Y ACCESO ELECTRÓNICOS
Identificador Uniforme de Recursos <a href="http://www.ateneodemadrid.com/biblioteca_digital/folletos/CACo-026.pdf">http://www.ateneodemadrid.com/biblioteca_digital/folletos/CACo-026.pdf</a>
Texto de enlace Ver documento
942 ## - ELEMENTOS DE ENTRADA SECUNDARIOS (KOHA)
Fuente del sistema de clasificación o colocación Clasificación decimal universal
Holdings
Estatus retirado Estado de pérdida Fuente del sistema de clasificación o colocación Estado de daño No para préstamo Colección Biblioteca de origen Biblioteca actual Ubicación en estantería Fecha de adquisición Total de préstamos Signatura topográfica completa Código de barras Visto por última vez Precio de reemplazo Tipo de ítem Koha
    Clasificación decimal universal     Colección digital Biblioteca del Ateneo de Madrid Biblioteca del Ateneo de Madrid Depósito folletos 02/10/2014   1517-F-16 1193149 23/02/2023 23/02/2023 Folleto
    Clasificación decimal universal     Colección digital Biblioteca del Ateneo de Madrid Biblioteca del Ateneo de Madrid Depósito folletos 17/01/2008   2159-F-24 1017265 23/02/2023 23/02/2023 Folleto
    Clasificación decimal universal     Colección digital Biblioteca del Ateneo de Madrid Biblioteca del Ateneo de Madrid Depósito folletos 17/01/2008   2189-F-17 1017266 23/02/2023 23/02/2023 Folleto
    Clasificación decimal universal     Exposiciones en el Ateneo Biblioteca del Ateneo de Madrid Biblioteca del Ateneo de Madrid Sala Pecera Planta 3 17/01/2008   G-13292(11) 1017267 23/02/2023 23/02/2023 Libro impreso
    Clasificación decimal universal     Colección digital Biblioteca del Ateneo de Madrid Biblioteca del Ateneo de Madrid Depósito folletos 04/06/2019   2340-F-24 1200758 23/02/2023 23/02/2023 Folleto